01530njm a2200301Ia 4500001000600000003000900006005001700015008004100032040001300073040001300086041001200099999001700111999000900128100001600137100002500153100004300178245002500221250001100246260000800257260006900265300001700334300002900351500005700380505047500437650006900912942001200981952023500993E1368IT-RoPAU20220918181113.0131025s9999 xx 000 0 und d aIT-RoPAU cIT-RoPAU aINGLESE c99189d99189 bn.d. aAA.VV.9794 eAutore musica931474 gCodice autore musica SPICS: 120009796 aSong In the Key of X a1a ed. aUSA bWARNER BROS RECORDSc1996 [1a Ed.:1996 - Ed. Lingua Orig.: 1996] aCOMPACT DISC c63 minuti (Testo: pag.) aColonna sonora della serie televisiva "The X Files". aMark Snow: X Files Theme - Soul Coughing: Unmarked Helicopters - Sheryl Crow: On the Outside - Foo Fighters: Down In the Park - William S. Burroughs & R.E.M.: Star Me Kitten - Nick Cave and the Bad Seeds: Red Right Hand - Filter: Thanks Bro - Frank Black: Man of Steel - Meat Puppets: Unexplained - Danzig: Deep - Screamin' Jay Hawkins: Frenzy - Elvis Costello With Brian Eno: My Dark Life - Rob Zombie and Alice Cooper: Hands of Death (Burn Baby Burn) - X-Files Theme. aCOLONNA SONORA [COMPACT DISC]eCodice MATERIA SPICS: 9949931475 cCD2ddc 0010406E_1368_00000000000000071aSPICSbSPICSd2013-10-25l0oE1368r2013-10-25 00:00:00w2013-10-25yCDzProgr. Ins.: 2354 / N.Vol.: 1 / Copie: 1 - Copia rara: n.d. / date import: 01.01.2014 - By Epidotti, Trombetti, Vaglietti